Statistics for Countries where Highest Peak is Separated from Capital

Click here to take the quiz!

General Stats

  • This quiz has been taken 44 times
  • The average score is 15 of 24

Answer Stats

ElevationCountry% Correct
4884 mIndonesia (New Guinea)
94%
2934 mUnited Kingdom (South Georgia)
88%
6194 mUnited States of America (Alaska)
85%
3754 mNew Zealand (South Island)
82%
3700 mDenmark (Greenland)
79%
2 mMaldives (Villingili)
76%
4095 mMalaysia (Borneo)
74%
1033 mTonga (Kao)
74%
5 mTuvalu (Niulakita)
74%
2745 mAustralia (Heard Island)
68%
81 mKiribati (Banaba)
68%
3718 mSpain (Tenerife)
68%
1879 mVanuatu (Espiritu Santo)
68%
10 mMarshall Islands (Likiep Atoll)
65%
2954 mPhilippines (Mindanao)
65%
1857 mSamoa (Savai'i)
65%
2351 mPortugal (Pico Island)
62%
877 mNetherlands (Saba)
56%
63 mBahamas (Cat Island)
53%
2829 mCape Verde (Fogo)
53%
1950 mSouth Korea (Jeju Island)
41%
1850 mBrunei (Temburong district)
35%
2629 mEgypt (Sinai)
21%
3475 mPanama (west of canal)
15%

Score Distribution

Percentile by Number Answered

Percent of People with Each Score

Your Score History

You have not taken this quiz